[Event "Schwarzach op-B"]
[Site "Schwarzach"]
[Date "1999.??.??"]
[Round "3"]
[White "Renner, Gabriele"]
[Black "Eder, Herbert"]
[Result "1/2-1/2"]
[WhiteElo "1760"]
[BlackElo "1850"]
[PlyCount "132"]
[EventDate "1999.08.??"]
[EventType "swiss"]
[EventRounds "9"]
[EventCountry "AUT"]
[SourceTitle "EXT 2000"]
[Source "ChessBase"]
[SourceDate "1999.11.16"]
[SourceVersion "1"]
[SourceVersionDate "1999.11.16"]
[SourceQuality "1"]

1. e4 c5 2. Nc3 e6 3. g3 d5 4. exd5 exd5 5. d4 Nf6 6. Bg2 cxd4 7. Qxd4 Nc6 8. Qd1 Be6 9. Nge2 h6 10. 0-0 Bc5 11. Bf4 0-0 12. a3 a6 13. b4 Ba7 14. Qd3 Ne7 15. Nd4 Ng6 16. Be3 Ne5 17. Qe2 Bxd4 18. Bxd4 Nc6 19. Rad1 Re8 20. Qd2 Nxd4 21. Qxd4 Qc7 22. Rd2 Rad8 23. Rfd1 Rd7 24. Na4 Red8 25. Nc5 Rd6 26. Re1 Ne4 27. Nxe6 fxe6 28. Rde2 Nf6 29. Rxe6 Qxc2 30. Rxd6 Rxd6 31. Qe5 Qc7 32. Rd1 Qd7 33. Re1 b6 34. Qe2 b5 35. Qe5 d4 36. Bh3 Qd8 37. Bf5 d3 38. Rd1 d2 39. Qc3 Qe7 40. Kg2 Qb7+ 41. f3 Qd5 42. Qc8+ Kf7 43. Qc2 Qc4 44. Rxd2 Qxc2 45. Rxc2 Nd5 46. Kf2 Kf6 47. Be4 Nb6 48. Rc6 Rxc6 49. Bxc6 Nc4 50. Bb7 Nxa3 51. Bxa6 Nc2 52. Bxb5 Nxb4 53. Ke3 Nd5+ 54. Kd4 Ne7 55. Bd7 Ng6 56. f4 Ne7 57. Ke4 g6 58. h4 g5 59. fxg5+ hxg5 60. h5 Ng8 61. g4 Nh6 62. Kd5 Nxg4 63. Bxg4 Kg7 64. Ke5 Kh8 65. Kf6 Kh7 66. Kf7 Kh6 1/2-1/2

[Event "Schwarzach op-B"]
[Site "Schwarzach"]
[Date "1999.??.??"]
[Round "5"]
[White "Van Essen, Mark"]
[Black "Eder, Herbert"]
[Result "1-0"]
[WhiteElo "1825"]
[BlackElo "1850"]
[PlyCount "87"]
[EventDate "1999.08.??"]
[EventType "swiss"]
[EventRounds "9"]
[EventCountry "AUT"]
[SourceTitle "EXT 2000"]
[Source "ChessBase"]
[SourceDate "1999.11.16"]
[SourceVersion "1"]
[SourceVersionDate "1999.11.16"]
[SourceQuality "1"]

1. Nc3 Nf6 2. e4 d6 3. d4 g6 4. Be3 Bg7 5. Qd2 Nc6 6. f3 a6 7. 0-0-0 0-0 8. Bh6 e6 9. h4 Nh5 10. g4 Ng3 11. Bxg7 Kxg7 12. Rh2 h5 13. Bg2 f5 14. Qf4 Nxe4 15. fxe4 fxe4 16. Qxe4 hxg4 17. Qe3 e5 18. Bxc6 bxc6 19. dxe5 Bf5 20. exd6 cxd6 21. h5 Qf6 22. Qd4 d5 23. Nge2 gxh5 24. Rxh5 Bg6 25. Rhh1 Qxd4 26. Rxd4 Bf5 27. Rf4 Kg6 28. Rhf1 Rf6 29. Ng3 Raf8 30. Nxf5 Rxf5 31. Rxf5 Rxf5 32. Rxf5 Kxf5 33. Kd2 Kf4 34. Ke2 d4 35. Nd1 g3 36. b3 c5 37. Nb2 g2 38. Kf2 g1Q+ 39. Kxg1 Ke3 40. Na4 Kd2 41. Nxc5 Kxc2 42. Nxa6 Kc3 43. Kf2 d3 44. Nc5 1-0

[Event "Schwarzach op-B"]
[Site "Schwarzach"]
[Date "1998.08.25"]
[Round "4"]
[White "Kinzlinger, Georg"]
[Black "Eder, Herbert"]
[Result "0-1"]
[WhiteElo "1769"]
[BlackElo "1780"]
[PlyCount "68"]
[EventDate "1998.08.30"]
[EventType "swiss"]
[EventRounds "9"]
[EventCountry "AUT"]
[SourceTitle "EXT 2000"]
[Source "ChessBase"]
[SourceDate "1999.11.16"]
[SourceVersion "1"]
[SourceVersionDate "1999.11.16"]
[SourceQuality "1"]

1. e4 c5 2. Nf3 d6 3. d4 cxd4 4. Nxd4 Nf6 5. Nc3 a6 6. Be2 e6 7. Be3 Qc7 8. Qd2 b5 9. f3 Bb7 10. 0-0 Be7 11. Rac1 Nbd7 12. Bd3 Nb6 13. Nce2 d5 14. exd5 Nfxd5 15. Bf2 Nc4 16. Bxc4 Qxc4 17. b3 Qb4 18. c3 Qa5 19. b4 Qd8 20. Rc2 Rc8 21. Nb3 Rc4 22. Nc5 Bc8 23. Ne4 0-0 24. Rd1 Qc7 25. Qc1 Bxb4 26. Bg3 Bc5+ 27. Kh1 Qb6 28. Nxc5 Qxc5 29. Nd4 Rxc3 30. Rdd2 Bb7 31. Bf2 Qc4 32. Rxc3 Nxc3 33. Rc2 Rc8 34. Be1 Qf1# 0-1